|
|
|
|
| LEADER |
00000nam0a2200000 4500 |
| 001 |
106132 |
| 005 |
20231101214643.0 |
| 010 |
|
|
|a 5980032398
|
| 035 |
|
|
|a (RuTPU)RU\TPU\book\114530
|
| 090 |
|
|
|a 106132
|
| 100 |
|
|
|a 20061201d2006 km y0rusy50 ca
|
| 101 |
0 |
|
|a rus
|
| 102 |
|
|
|a RU
|
| 105 |
|
|
|a a g 001zy
|
| 200 |
1 |
|
|a Транзисторы для бытовой, промышленной и специальной аппаратуры
|e справочное пособие
|f А. В. Нефедов, А. И. Аксенов
|
| 210 |
|
|
|a Москва
|c СОЛОН-Пресс
|d 2006
|
| 215 |
|
|
|a 600 с.
|c ил.
|
| 225 |
1 |
|
|a Ремонт
|h Вып. 90
|
| 320 |
|
|
|a Библиогр.: с. 599.
|
| 330 |
|
|
|a Рассмотрены свойства и особенности биполярных и полевых транзисторов (с р-п-переходом, МОП, биполярных транзисторов со статической индукцией и с изолированным затвором), предназначенных для применения в бытовой, промышленной и специальной аппаратуре, приведены их электрические параметры, области применения, стандартизованные корпуса и зарубежные аналоги, а также указаны предприятия-изготовители. Справочное пособие рассчитано на широкий круг читателей, специалистов, студентов и радиолюбителей, занимающихся конструированием и ремонтом радиоэлектронной аппаратуры.
|
| 606 |
1 |
|
|a Транзисторы
|x Триоды
|2 stltpush
|3 (RuTPU)RU\TPU\subj\61274
|9 78476
|
| 610 |
1 |
|
|a условные обозначения
|
| 610 |
1 |
|
|a биполярные транзисторы
|
| 610 |
1 |
|
|a полевые транзисторы
|
| 610 |
1 |
|
|a отечественные транзисторы
|
| 610 |
1 |
|
|a зарубежные транзисторы
|
| 610 |
1 |
|
|a корпуса
|
| 610 |
1 |
|
|a аналоги
|
| 610 |
1 |
|
|a справочники
|
| 675 |
|
|
|a 621.382.3(035)
|v 3
|
| 700 |
|
1 |
|a Нефедов
|b А. В.
|g Анатолий Владимирович
|
| 701 |
|
1 |
|a Аксенов
|b А. И.
|g Алексей Иванович
|
| 801 |
|
1 |
|a RU
|b 63413507
|c 20061201
|g PSBO
|
| 801 |
|
2 |
|a RU
|b 63413507
|c 20130619
|g PSBO
|
| 942 |
|
|
|c BK
|